[Event "Russia Charity Tournament"]
[Site "Online"]
[Date "2020.05.13"]
[Round "9"]
[White "Nepomniachtchi, Ian"]
[Black "Kramnik, Vladimir"]
[Result "0-1"]
[WhiteElo "2785"]
[BlackElo "2797"]
[Annotator "TA"]
[PlyCount "76"]
[EventDate "2020.05.12"]
[EventType "tourn"]

{[%evp 16,76,13,0,0,0,0,0,0,-17,-20,-23,-15,-16,-17,-17,0,0,0,0,50,50,49,57,57,53,46,0,0,0,14,11,30,30,189,-22,-35,-98,-79,-141,-25,-31,-21,-163,-107,-133,-37,-47,-21,-20,-24,-22,0,-177,-177,-177,-177,-654,-618,-1033,-968,-12832,-12218]} 1. e4 e6 2. d4 d5 3. Nc3 Nf6 4. e5 Nfd7 5. f4 c5 6. Nf3 Nc6 7. Be3 Be7 8. Qd2 a6 9. Be2 O-O {C11: French: Classical System: 4 e5 and 4 Bg5 dxe4.} 10. O-O b5 11. Nd1 b4 {The position is equal.} 12. c4 dxc4 {[#]} 13. d5 $146 ({Predecessor:} 13. dxc5 Nxc5 14. Rc1 Na5 15. Bxc4 Nxc4 16. Rxc4 Qxd2 17. Nxd2 Nd3 18. b3 a5 19. Nf2 Rd8 20. Rc7 Kf8 21. Nc4 Ba6 22. g3 Nxf2 23. Rxf2 Rd1+ 24. Rf1 Rxf1+ {½-½ (24) Toenisson,P (2365)-Nizky,R (2425) ICCF email 2014}) 13... exd5 14. Qxd5 Bb7 15. Qxc4 Nb6 16. Qc2 Nd5 17. Bd3 Nxe3 18. Nxe3 ({But not} 18. Bxh7+ Kh8 $17) 18... Nd4 19. Nxd4 $1 Qxd4 20. Rae1 $1 g6 21. Kh1 Rad8 22. Bc4 Bh4 23. Re2 Be4 24. Qb3 {Black must now prevent Rd1.} Bb7 $2 (24... Bd3 $11 25. Bxd3 Qxd3 26. Qxd3 Rxd3) 25. f5 $2 (25. Nc2 $1 $18 {[%cal Rc2d4]} Qd7 26. e6) 25... Kh8 $36 {[%mdl 2048] Black has good play.} 26. Bxf7 ({White should play} 26. Nc2 $15 Qg4 27. h3) 26... Qxe5 27. Bc4 (27. fxg6 $142 hxg6 28. Qc2) 27... Qd6 ({Don't play} 27... gxf5 $6 28. Nd5 $11) (27... Be4 $17 {Strongly threatening ...a5.} 28. Bxa6 gxf5) 28. Qc2 $1 Bg5 29. Rd1 (29. fxg6 $1 $11 hxg6 30. Ree1) 29... Qf6 (29... Qf4 $19 30. Rxd8 Rxd8) 30. h3 Bxe3 (30... Rxd1+ $17 31. Qxd1 Bxe3 32. Rxe3 Qxb2) 31. Rxd8 $15 Rxd8 32. Rxe3 gxf5 33. Qe2 {Re8+ is the strong threat.} Be4 34. Qf2 $2 (34. Bd3 $1 $11 {and White stays safe.}) 34... Rd1+ $19 35. Kh2 Qd6+ 36. Rg3 $2 {[#]} (36. Qg3) 36... h6 $1 {Black is clearly winning.} ({Inferior is} 36... Rd2 {[#]} 37. Qxd2 $1 {[%mdl 512]} Bd5 38. Bxd5 h6 39. Qe2 Qxg3+ 40. Kxg3 h5 41. Qxh5+ {[%mdl 64] Double Attack} Kg7 42. Kf4 b3 43. Kg5 bxa2 44. Qh6#) 37. Be2 Rd2 38. Kh1 {[#]} Rxe2 $1 {[%mdl 512] Accuracy: White = 46%, Black = 70%.} 0-1

[Event "Russia Charity Tournament"]
[Site "Online"]
[Date "2020.05.13"]
[Round "9"]
[White "Karjakin, Sergey"]
[Black "Inarkiev, Ernesto"]
[Result "1-0"]
[WhiteElo "2766"]
[BlackElo "2639"]
[Annotator "TA"]
[PlyCount "63"]
[EventDate "2020.05.12"]
[EventType "tourn"]

{[%evp 21,63,14,17,12,28,35,51,48,48,19,53,60,45,-47,-59,-50,-21,-27,99,99,132,94,98,92,90,95,96,95,173,117,124,75,182,170,171,171,170,150,195,70,62,41,41,29]} 1. d4 d5 2. c4 e6 3. Nf3 dxc4 4. e3 Nf6 5. Bxc4 c5 6. O-O a6 7. b3 b5 8. Be2 Bb7 9. Bb2 Nbd7 10. a4 b4 11. Nbd2 Be7 12. Ne5 $5 {[%mdl 4] A promising side line. D27: Queen's Gambit Accepted: Classical main line: 7 e4!? and 7 a4.} O-O 13. Bf3 Nd5 14. Ndc4 cxd4 15. Bxd4 (15. Nxd7 {seems wilder.} Qxd7 16. Bxd4 Rad8 17. Rc1 Nc3 18. Bxc3 Qxd1 19. Rfxd1 Rxd1+ 20. Bxd1 bxc3 21. Rxc3 Rc8 22. Rd3) 15... Nc5 {[#]} 16. Qc2 $146 ({Predecessor:} 16. a5 Rc8 17. Nb6 Rc7 18. Rc1 f6 19. Bxc5 fxe5 20. Nxd5 Rxc5 21. Nxe7+ Qxe7 22. Bxb7 Rxc1 23. Qxc1 Qxb7 {1-0 (38) Kucuksari,K (2322)-Louis,T (2236) Stockholm 2018}) 16... Rc8 17. Qb2 (17. Rac1 $14) 17... f6 $15 18. Bxc5 $1 Bxc5 (18... Rxc5 {looks sharper.} 19. Nd3 Rc7 20. Rae1 Re8 21. Nc1 f5) 19. Nd3 Ba7 {[#]} (19... Qe7 $11) 20. Nxb4 $1 $16 {[%mdl 512]} Qe7 (20... Nxb4 21. Bxb7) 21. Nc2 e5 22. Rfd1 e4 23. Be2 f5 24. Na5 $1 {Bc4 is the strong threat.} Ba8 (24... Nc3 $16 25. Bc4+ Rxc4 26. Nxc4 Nxd1 27. Rxd1 Rd8) 25. Bc4 (25. Bxa6 $18 Rcd8 26. Bc4) 25... Rcd8 26. Qa3 (26. Bxa6 Bb8 $14) 26... Qc7 {[#]} (26... Qf7 $16) 27. Nb4 $1 $18 {[%cal Rb4d5]} Qxa5 {[#]} 28. Nxd5 $1 Bxd5 ({Not} 28... Rxd5 $2 29. Qe7 $18) 29. b4 Qb6 30. Bxd5+ ({Only move:} 30. Rxd5 $18 Rxd5 31. Bxd5+ Kh8 32. g3) 30... Kh8 $14 31. a5 Qf6 32. g3 {[%mdl 32768] Accuracy: White = 69%, Black = 53%. . Loss on time!?} 1-0

[Event "Russia Charity Tournament"]
[Site "Online"]
[Date "2020.05.13"]
[Round "10"]
[White "Kramnik, Vladimir"]
[Black "Karjakin, Sergey"]
[Result "1-0"]
[WhiteElo "2797"]
[BlackElo "2766"]
[Annotator "TA"]
[PlyCount "137"]
[EventDate "2020.05.12"]
[EventType "tourn"]

{[%evp 10,137,0,-2,0,0,0,0,0,0,0,0,22,-12,19,17,34,31,37,26,31,10,42,24,64,53,61,41,40,40,77,60,79,71,71,15,24,0,0,0,0,0,0,-46,-32,-49,-60,-85,-14,-22,0,-49,-16,-9,-14,-8,12,12,7,6,14,10,90,89,220,197,173,140,360,358,352,361,525,525,491,472,450,431,682,694,683,642,1050,985,1115,1008,29981,29982,29980,1247,29981,29975,29978,29980,29974,29975,29991,29975,29974,29974,29965,29968,29983,29984,29987,29988,29988,29986,29988,29989,29988,29987,29986,29987,29989,29990,29992,29993,29993,29993,29993,29992,29992,0,29993,29988,29993,29991,29991,29992]} 1. c4 Nf6 2. Nc3 e5 3. Nf3 Nc6 4. d3 d5 5. cxd5 Nxd5 6. e4 (6. e3 Be7 7. Be2 O-O 8. O-O Be6 9. a3 a5 10. Bd2 Kh8 11. Rc1 Nxc3 12. Rxc3 f6 13. Qa4 Nb4 14. e4 c5 15. Be3 b6 16. Nd2 Bd7 17. Qd1 Nc6 18. a4 {0-1 (42) Kramnik,V (2792)-Karjakin,S (2782) Paris 2018}) 6... Nf6 {A28: English Opening: Four Knights Variation.} 7. Be2 Bc5 8. Be3 Bb6 {The position is equal.} 9. h3 O-O 10. O-O Re8 11. Rc1 h6 {[#]} 12. a3 $146 ({Predecessor:} 12. Na4 Nd4 13. Nxd4 Bxd4 14. Qc2 c6 15. a3 Qd6 16. b4 Be6 17. Bxd4 Qxd4 18. Qc3 {1-0 (52) Le,Q (2714)-Tan,Z (2508) Makati 2018}) 12... Be6 13. Na4 Qd6 14. Nc5 Bc8 15. b4 a6 16. Qc2 Nh5 17. Rfd1 Qf6 18. d4 exd4 19. Nxd4 Nxd4 20. Bxd4 Qg5 21. Bxh5 Qxh5 22. f3 (22. Rd3 $16) 22... a5 23. Qf2 axb4 24. axb4 Qg6 25. Kh1 c6 26. g4 Ra3 27. Ra1 Rxa1 28. Bxa1 f6 ({Better is} 28... Bc7 $17) 29. Kg2 Bc7 30. Bc3 h5 {[%cal Rh5g4]} 31. Qh4 b6 {Hoping for ...hxg4.} 32. Nd3 Qf7 (32... f5 {is interesting.} 33. exf5 Bxf5 34. Nf2 hxg4 35. hxg4 Be6) 33. Qxh5 Qxh5 34. gxh5 Kh7 35. Nf2 Kh6 (35... Rd8 $11 {keeps the balance.}) 36. Ng4+ $16 Kh7 {[#]} (36... Kg5 $16) 37. Bxf6 $1 $18 {[%mdl 512]} Be6 (37... gxf6 38. Nxf6+) 38. Bc3 {aiming for h6!} c5 $2 (38... Ra8 $16 39. h6 Ra2+ 40. Rd2 gxh6 41. Rxa2 Bxa2) 39. bxc5 bxc5 {[#]} 40. h6 $1 Bxg4 (40... Ra8 $142 41. hxg7 Ra2+ 42. Kg1 Ra3) (40... gxh6 41. Nf6+) 41. hxg4 ({Not} 41. fxg4 Kxh6 42. Rd7 Be5 $18) 41... Kxh6 {[#]} 42. Bxg7+ $1 {[%mdl 4608] Endgame KRB-KRB} Kg6 (42... Kxg7 43. Rd7+) 43. Bc3 Rb8 (43... Bf4 $142 44. Rd5 Ra8 45. Rxc5 Ra2+ 46. Kf1 Be3) 44. e5 Rb3 45. Rc1 c4 46. f4 Bb6 47. e6 {Black must now prevent f5+.} Be3 48. f5+ Kg5 {[#]} 49. Rc2 (49. e7 $142 $1 {[%mdl 512]} Rb8 50. Re1 Bg1 51. e8=Q Rxe8 52. Rxe8 Kxg4 53. Kxg1 Kxf5 54. Kg2) 49... Kxg4 50. f6 Bg5 51. e7 Rb8 52. Re2 Re8 53. f7 Rxe7 54. f8=Q Rxe2+ 55. Kf1 Rc2 56. Qc8+ {[%mdl 64] Double Attack} Kh4 57. Qxc4+ Kh5 58. Qd3 Rc1+ 59. Ke2 Kh6 60. Qh3+ Kg6 61. Kd3 Rd1+ 62. Ke4 Rd6 63. Qf5+ Kh5 64. Be5 Ra6 65. Qh7+ Kg4 66. Qf5+ Kh5 67. Bd4 {White mates.} Ra2 68. Be3 {[%csl Ge3][%cal Rf5g5]} Ra4+ 69. Kf3 {Accuracy: White = 86%, Black = 53%.} 1-0

[Event "Russia Charity Tournament"]
[Site "Online"]
[Date "2020.05.13"]
[Round "10"]
[White "Tomashevsky, Evgeny"]
[Black "Svidler, Peter"]
[Result "1/2-1/2"]
[WhiteElo "2695"]
[BlackElo "2754"]
[Annotator "TA"]
[PlyCount "91"]
[EventDate "2020.05.12"]
[EventType "tourn"]

{[%evp 16,91,44,12,10,0,34,17,20,18,25,16,28,26,39,31,39,22,60,45,46,42,40,47,35,40,38,34,36,24,25,31,31,26,24,16,16,16,16,16,16,16,16,16,16,16,16,16,16,16,21,7,7,7,7,7,7,7,7,7,7,7,7,7,7,7,7,0,7,0,0,0,0,0,0,0,0,0]} 1. Nf3 Nf6 2. c4 g6 3. Nc3 d5 4. cxd5 Nxd5 5. e4 Nxc3 6. dxc3 Qxd1+ 7. Kxd1 Nd7 8. Bf4 c6 9. Kc2 f6 {A16: English Opening: 1...Nf6 with ...d5.} 10. e5 Nc5 (10... g5 $5 {[%cal Rg5f4]} 11. Be3 g4 $11) 11. Nd4 {And now exf6 would win.} (11. Rd1 {looks sharper.} Bf5+ 12. Kc1 fxe5 13. Nxe5 Bg7 14. Nf3) 11... Ne6 12. Nxe6 Bxe6 13. Bd3 {[#]} Kf7 $146 ({Predecessor:} 13... O-O-O 14. Rhe1 f5 15. Be3 Kc7 16. a4 b6 17. a5 Rb8 18. axb6+ axb6 19. Ra7+ Rb7 {1-0 (39) Korley,K (2326)-Schut,L (2304) New York 2011}) 14. Rhe1 g5 15. Be3 g4 16. a4 f5 17. a5 h5 18. f4 gxf3 19. gxf3 Bh6 20. Bxh6 Rxh6 21. Rg1 h4 22. Rg5 Rg8 23. Rxg8 Kxg8 $11 {[%mdl 4096] Endgame KRB-KRB} 24. Rg1+ Kf7 25. Kd2 Rg6 {The position is equal.} 26. Rxg6 Kxg6 {KB-KB} 27. f4 b6 28. axb6 axb6 29. Ke3 c5 30. Bb5 Bd5 31. b4 e6 32. Be8+ Kg7 33. bxc5 bxc5 34. Bh5 Kf8 35. Kd2 Ke7 36. Kc2 Kd8 37. Be2 Kc7 38. Kb2 Kb6 39. Ka3 Ka5 40. Bh5 Kb6 41. Be2 Ka5 42. c4 Bc6 43. Bh5 Bd7 44. Kb3 Ba4+ 45. Ka3 Bd7 46. Kb3 {Accuracy: White = 100%, Black = 94%.} 1/2-1/2

[Event "Russia Charity Tournament"]
[Site "Online"]
[Date "2020.05.13"]
[Round "10"]
[White "Riazantsev, Alexander"]
[Black "Nepomniachtchi, Ian"]
[Result "0-1"]
[WhiteElo "2497"]
[BlackElo "2785"]
[Annotator "TA"]
[PlyCount "76"]
[EventDate "2020.05.12"]
[EventType "tourn"]

{[%evp 9,76,93,120,150,134,179,145,178,187,0,-15,-162,-135,-153,-149,-184,-188,-182,-156,-187,-182,-213,-218,-220,-220,-227,-224,-206,-227,-242,-250,-239,-243,-272,-263,-282,-277,-275,-293,-270,-211,-218,-211,-212,-212,-214,-212,-351,-365,-353,-217,-224,0,-362,-282,-460,-467,-454,-429,-527,-516,-561,-550,-633,-685,-681,-656,-675,-563]} 1. d4 e6 2. c4 b6 3. e4 Bb7 4. Bd3 f5 5. exf5 Bxg2 6. Qh5+ {A40: Unusual replies to 1 d4.} g6 7. fxg6 Bg7 {aiming for ...Nf6.} 8. gxh7+ {White is clearly better.} Kf8 9. hxg8=Q+ $2 (9. Bg5 $18 Nf6 10. Qh4) 9... Kxg8 $11 10. Qg6 (10. Qg4 $1 $11 {and White stays safe.} Bxh1 11. Bg5) 10... Bxh1 $19 {[#]} 11. Be3 $146 ({Predecessor:} 11. Bg5 Qf8 12. h4 Nc6 13. Ne2 Ne7 {0-1 (13) Dreis,V (1763)-Juegel,M (2223) Goch 2015}) 11... Nc6 $36 {[%mdl 2048] Black is in control.} 12. Ne2 Qf6 ({But not} 12... Rxh2 13. Nbc3) 13. Qg1 {[#]} Bf3 $1 {And now ...Nb4 would win.} 14. Nbc3 Qh4 15. O-O-O Qxh2 16. Qg6 {[#] intending Rg1.} Qg2 $1 17. Qxg2 Bxg2 18. Nb5 Rc8 19. Kd2 Rh1 20. Rxh1 Bxh1 21. f4 Bf3 22. Ng1 Bg4 23. Be4 a6 24. Bxc6 dxc6 25. Na7 Rf8 26. Nxc6 Kf7 27. Ne2 Rh8 {...Rh2 is the strong threat.} 28. Nc1 (28. Bf2 $142) 28... Rh2+ 29. Kc3 Rh3 30. Kd2 Rh2+ (30... Kf6 $142 31. Nd3 Rh2+ 32. Nf2 Bf3) 31. Kc3 $1 Bf5 32. Nd3 $2 (32. Ne5+ {keeps fighting.} Bxe5 33. fxe5) 32... Bxd3 {[%mdl 64] Overworked Piece. Black is clearly winning.} 33. Kxd3 Rxb2 {KRB-KBN} 34. a4 Ra2 35. a5 bxa5 {[%cal Bb6a5,Ba5a4][%mdl 32]} 36. Bd2 a4 37. Bb4 Ke8 38. Kc3 Rf2 {Accuracy: White = 60%, Black = 86%.} 0-1

[Event "Russia Charity Tournament"]
[Site "Online"]
[Date "2020.05.13"]
[Round "11"]
[White "Grischuk, Alexander"]
[Black "Kramnik, Vladimir"]
[Result "0-1"]
[WhiteElo "2765"]
[BlackElo "2797"]
[Annotator "TA"]
[PlyCount "98"]
[EventDate "2020.05.12"]
[EventType "tourn"]

{[%evp 11,98,-9,0,-10,0,6,6,13,0,0,0,0,0,-4,12,16,22,15,24,10,35,21,21,0,0,0,0,0,0,0,0,0,0,0,0,0,0,0,0,0,0,0,0,0,0,0,0,0,0,0,0,0,0,0,0,0,0,0,0,0,7,4,8,8,7,8,9,9,8,0,16,16,17,0,0,0,0,0,0,0,8,8,8,8,8,-302,-280,-716,-675]} 1. Nf3 d5 2. d3 Nf6 3. g3 g6 4. Bg2 Bg7 5. O-O O-O 6. Nc3 Nc6 7. e4 {A07: Réti Opening: New York and Capablanca Systems.} dxe4 8. dxe4 Bg4 9. h3 {The position is equal.} Qxd1 10. Rxd1 Bxf3 11. Bxf3 Rfd8 12. Be3 {[#]} Nd7 $146 ({Predecessor:} 12... Ne8 13. Be2 Nd6 14. f3 f5 15. Nd5 Rac8 16. c3 fxe4 17. fxe4 Nxe4 18. Kg2 Nd6 {1-0 (53) Turner,M (2537)-Astaneh Lopez,A (2442) Dublin 2018}) 13. Nd5 Rac8 14. c3 e6 15. Nf4 Nb6 16. Rxd8+ (16. Be2 {looks sharper.} Ne5 17. b3 Nc6 18. Rxd8+ Rxd8 19. Rc1) 16... Rxd8 17. Rd1 Rxd1+ 18. Bxd1 Nc4 19. Bc1 Bh6 20. Be2 Nd6 21. f3 e5 22. Nd3 Bxc1 23. Nxc1 $11 {[%mdl 4096] Endgame KBN-KNN} f5 24. exf5 gxf5 25. Kf2 Kf7 26. Nb3 b6 27. Nd2 Ne7 28. f4 exf4 29. gxf4 Nd5 30. Kf3 Ke6 31. Bd1 Kf6 32. Bb3 Ne7 33. Nf1 Ne4 34. Bc2 Nc5 35. Ne3 c6 36. Nc4 Nb7 37. Ne5 c5 38. Nd7+ Kg7 39. a3 Nd6 40. Ne5 Ng6 41. Nc6 a5 42. Bd3 Kf6 43. b4 cxb4 44. cxb4 axb4 45. Nxb4 {next Nd5+ is good for White.} Ne7 46. Ke3 Ke6 47. Kd4 Nb7 48. Nd5 $2 {[%mdl 8192] [#]} (48. Bc4+ $11 {and White has nothing to worry.} Kd6 49. Nd5) 48... Nc6+ $19 ({Inferior is} 48... Nxd5 49. Bc4 $11) 49. Kc4 $2 (49. Ke3 Kxd5 50. Bxf5) 49... Nd6+ {Accuracy: White = 82%, Black = 97%.} 0-1

[Event "Russia Charity Tournament"]
[Site "Online"]
[Date "2020.05.13"]
[Round "12"]
[White "Kramnik, Vladimir"]
[Black "Svidler, Peter"]
[Result "1/2-1/2"]
[WhiteElo "2797"]
[BlackElo "2754"]
[Annotator "TA"]
[PlyCount "101"]
[EventDate "2020.05.12"]
[EventType "tourn"]
[SourceTitle "playchess.com"]
[Source "ChessBase"]
[SourceQuality "1"]

{[%evp 9,101,10,18,0,0,0,0,0,1,2,0,-4,-8,-12,16,11,10,5,8,29,19,19,12,0,0,0,0,0,0,0,0,0,0,0,0,0,0,-6,0,-3,-6,-12,0,-16,0,0,0,0,0,0,0,0,0,0,14,10,5,2,31,14,16,0,0,0,41,32,37,4,31,20,24,16,8,0,0,0,0,0,0,0,0,0,0,0,0,0,0,0,0,0,0,0,0,0]} 1. c4 g6 2. Nc3 c5 3. g3 Bg7 4. Bg2 Nc6 5. e3 e6 6. b3 {A36: Symmetrical English vs ...g6: 4 Bg2 Bg7.} Nge7 7. Ba3 {[#]} Qa5 $146 ({Predecessor:} 7... d6 8. Nge2 b6 9. d4 Bb7 10. O-O O-O 11. Qd2 Qb8 12. Rad1 Rd8 13. d5 exd5 14. cxd5 Na5 15. Bb2 Qc7 16. Ne4 Nf5 17. Bxg7 Nxg7 18. Nf6+ Kh8 19. e4 Ba6 20. Qh6 {1-0 (20) Kramnik,V (2753)-Iturrizaga Bonelli,E (2597) Moscow 2019}) 8. Bb2 O-O 9. Nf3 d5 10. O-O Rd8 11. a3 Qc7 12. cxd5 exd5 13. d4 cxd4 14. Nb5 Qb6 15. Nbxd4 Bg4 16. Qd2 Bxf3 17. Nxf3 d4 18. exd4 Nxd4 19. Nxd4 {[#] Threatens to win with Qe2.} Bxd4 20. Bxd4 Rxd4 21. Qe2 Nf5 22. b4 Rad8 23. Qf3 R8d7 24. Rae1 Rd3 25. Qf4 Qd4 {Hoping for ...Qxf4.} 26. Re8+ Kg7 {And now ...Qxf4 would win.} 27. Qb8 Nh6 28. Re4 Qb6 29. Bh3 Rd8 30. Qe5+ Qf6 31. Qc7 Qb6 (31... Nf5 {is more complex.} 32. Bxf5 Qxf5 33. Qxb7 Rxa3 34. Rf4 Qe6) 32. Qxb6 axb6 33. Ra1 Ng8 34. Bf1 Rc3 35. a4 Nf6 36. Re7 Rd7 (36... Rd4 {looks sharper.} 37. b5 Nd7 38. Bg2 Kf6 39. Rae1 Rcd3) 37. Rxd7 Nxd7 $14 {[%mdl 4096] Endgame KRB-KRN} 38. Bg2 (38. Rd1 $5 {[%cal Rd1d7]} Ne5 39. Bb5 $11) 38... Rc7 39. Rd1 Ne5 40. h3 Rc4 {The position is equal.} 41. Rb1 Nc6 42. Bxc6 bxc6 $11 {KR-KR} 43. a5 bxa5 44. bxa5 Ra4 45. Rc1 Rxa5 46. Rxc6 h5 47. h4 Ra4 48. Kg2 Ra5 49. Kg1 Ra4 50. Kg2 Ra5 51. Kg1 {Accuracy: White = 97%, Black = 89%.} 1/2-1/2

[Event "Russia Charity Tournament"]
[Site "Online"]
[Date "2020.05.13"]
[Round "12"]
[White "Nepomniachtchi, Ian"]
[Black "Grischuk, Alexander"]
[Result "1/2-1/2"]
[WhiteElo "2785"]
[BlackElo "2765"]
[Annotator "TA"]
[PlyCount "113"]
[EventDate "2020.05.12"]
[EventType "tourn"]
[SourceTitle "playchess.com"]
[Source "ChessBase"]
[SourceQuality "1"]

{[%evp 9,113,4,4,8,11,9,9,9,25,12,12,2,10,-5,-2,-8,0,-28,-18,-29,-32,-31,-28,-25,-12,-126,-120,-116,-77,-97,-3,-68,-9,-68,-18,-33,-25,-14,-19,-39,-33,-27,-33,-25,-34,-109,-109,-170,-162,-139,-166,-156,-134,-131,-128,-145,11,11,16,16,16,16,16,0,0,0,0,0,0,0,0,0,0,0,12,0,0,0,0,0,0,0,0,0,0,0,0,0,0,0,0,0,0,-63,-63,-63,-63,-63,0,0,0,-63,0,0,0,-63]} 1. b3 d5 2. Bb2 Bf5 3. e3 e6 4. Nf3 Nf6 5. c4 h6 6. Nc3 {A06: Réti Opening: 1 Nf3 d5.} Nbd7 7. d4 c6 8. Bd3 Bd6 9. O-O O-O {[#]} 10. Re1 $146 ({Predecessor:} 10. Bxf5 exf5 11. Qd3 g6 12. Rac1 a6 13. cxd5 Nxd5 14. Na4 Qe7 15. Rfe1 Rfe8 16. Nc3 Rad8 17. Nxd5 cxd5 {½-½ (44) Kazakov,K (2369)-Zhalmakhanov,R (2346) Almaty 2019}) 10... Ne4 11. Bxe4 Bxe4 12. Nxe4 dxe4 13. Nd2 f5 14. Qc2 Qh4 15. Nf1 Nf6 16. Rad1 Rae8 17. h3 (17. a3 $11) 17... Nh7 $1 $17 18. d5 cxd5 19. cxd5 e5 (19... Ng5 $1 $17 {[%cal Rg5f3]} 20. Nh2 Bxh2+ 21. Kxh2 f4 22. exf4 Qxf4+ 23. Kg1 exd5) 20. Ng3 (20. Rc1 $11) 20... Ng5 (20... Qg5 $15) 21. Qe2 (21. Rc1 $11) 21... f4 22. Qh5 $1 {[%cal Rh5h4]} Qxh5 23. Nxh5 Rf7 24. exf4 exf4 25. h4 Nh7 26. g3 f3 27. Rd4 (27. Rc1 $15) 27... g6 28. Nf4 (28. Rdxe4 $17 Rxe4 29. Rxe4 gxh5 30. Re6 {[%mdl 64] Double Attack}) 28... Bxf4 $19 29. gxf4 Rxf4 30. d6 {[#]} Nf6 $1 (30... Rxh4 31. d7 $16) 31. d7 Rd8 32. Rd6 {[#]} Rg4+ $2 (32... Nxd7 $6 33. Rxg6+ Kf7 34. Rg7+ Kf8 35. Rh7 $11) ({Black should try} 32... Nh5 $1 $17 {And now ...Rg4+ would win.} 33. Red1 (33. Rxg6+ $2 Kf7 $19) 33... Kf7) 33. Kh2 $11 Nh5 ({Don't go for} 33... Rxh4+ $2 34. Kg3 $18) (33... Rxd7 $6 34. Rxf6 Rxh4+ 35. Kg3 $16) (33... Nxd7 $6 34. Kh3 $16) 34. Kh3 $36 {[%mdl 2048] White is more active.} Rg2 $1 {[%cal Rh5f4]} 35. Rxe4 Kf7 36. Bd4 g5 $1 37. Rxh6 ({Reject} 37. hxg5 hxg5 38. Rh6 (38. Be3 $2 Nf4+ 39. Rxf4+ gxf4 $19) 38... Nf4+ 39. Rxf4+ gxf4 $17) 37... Nf4+ 38. Rxf4+ gxf4 {[%mdl 4096] Endgame KRR-KRB} 39. Rf6+ Ke7 40. Rxf4 {Strongly threatening Bf6+.} Rxd7 41. Rxf3 Rg8 42. Bxa7 Rd1 {[%cal Rd1h1]} 43. Kh2 Rg4 44. Bc5+ Ke6 45. Re3+ Kd5 46. Be7 Rdg1 47. Rg3 R1xg3 48. fxg3 {KR-KB} Ke4 49. Kh3 Kf3 50. Bd6 Rd4 51. Bf4 (51. Bc7 $11 Rd7 52. Bb8) 51... Rd1 $15 {[%cal Rd1h1][%mdl 1024] Black has compensation.} 52. Kh2 Ra1 53. a4 Ra2+ 54. Kh3 {aiming for h5.} Ra1 {[%cal Ra1h1]} 55. Kh2 Ra2+ 56. Kh3 {Hoping for h5.} Ra1 {[%cal Ra1h1]} 57. Kh2 {Accuracy: White = 80%, Black = 86%.} 1/2-1/2

[Event "Russia Charity Tournament"]
[Site "Online"]
[Date "2020.05.13"]
[Round "12"]
[White "Inarkiev, Ernesto"]
[Black "Tomashevsky, Evgeny"]
[Result "1/2-1/2"]
[WhiteElo "2639"]
[BlackElo "2695"]
[Annotator "TA"]
[PlyCount "152"]
[EventDate "2020.05.12"]
[EventType "tourn"]
[SourceTitle "playchess.com"]
[Source "ChessBase"]
[SourceQuality "1"]

{[%evp 9,152,16,7,0,0,-37,-49,-37,-28,-30,-25,-62,-34,-64,-42,-76,-69,-74,-79,-55,0,0,0,0,70,60,59,56,57,28,56,55,51,59,50,27,47,42,67,62,68,62,107,107,131,125,128,107,100,100,107,107,107,0,107,45,50,45,45,45,45,45,45,45,45,45,45,4,71,67,66,72,62,66,83,34,34,34,34,8,34,34,34,34,34,0,34,0,34,34,38,41,34,16,17,16,26,8,25,17,17,0,20,27,104,101,80,12,85,77,62,21,25,43,81,106,158,137,130,0,170,0,113,0,0,0,0,0,0,-20,-19,-18,0,0,0,0,0,0,0,0,0,0,0,0,0]} 1. Nf3 d5 2. d4 Nf6 3. Bf4 c5 4. e3 e6 5. Nbd2 Qb6 6. c4 {D02: 1 d4 d5 2 Nf3 sidelines, including 2...Nf6 3 g3 and 2...Nf6 3 Bf4.} Nc6 7. Qb3 {[#]} cxd4 $146 ({Predecessor:} 7... Qxb3 8. axb3 Nb4 9. Rc1 b6 10. Be2 Bb7 11. O-O Nh5 12. Bg5 h6 13. Bh4 f6 {1-0 (68) Hofmann,T-Hamazaspyan,S Nuremberg 2018}) 8. exd4 {Black is slightly better.} Qxb3 9. axb3 Bb4 10. Bd3 b6 11. Ke2 Bb7 12. Rhc1 O-O 13. Bg5 Rfd8 14. cxd5 exd5 (14... Rxd5 $15 15. Bxf6 gxf6) 15. Bxf6 $11 gxf6 16. Nf1 {[%cal Bd2f1,Bf1e3,Be3f5][%mdl 32]} a5 (16... Na5 $11) 17. Ne3 Rac8 18. Rc2 Bd6 19. Nf5 Bf8 20. Rac1 Nb4 21. Rxc8 Bxc8 22. Bb1 Re8+ 23. Kd1 Ba6 24. Ne3 $1 Bh6 25. Rc3 Bxe3 26. fxe3 h6 27. Nh4 Bc8 28. h3 Be6 29. Kd2 Kf8 30. Rc7 Re7 31. Rc3 Re8 $1 32. Rc1 ({White should play} 32. Nf5 $1 $16) 32... Ke7 33. Nf5+ Bxf5 $1 34. Bxf5 $14 {[%mdl 4096] Endgame Rc7+ is the strong threat. KRB-KRN} Kd6 35. Rf1 Rg8 36. g4 Ke7 37. Rc1 Kd6 38. Bb1 Re8 (38... h5 $11 {remains equal.}) 39. Rf1 $16 Ke7 40. Rf5 Rc8 41. Rh5 Rh8 42. h4 {aiming for g5.} Kf8 $1 43. Rf5 Kg7 44. Rf1 Rc8 45. Bf5 Rc6 46. Rg1 Kf8 47. Rf1 Kg7 48. Bb1 Rc7 49. Rh1 Rc6 50. Rg1 Rc7 51. e4 dxe4 52. Bxe4 Kf8 53. Rf1 Ke7 54. Rf5 Rc8 55. Rb5 Rd8 56. Ke3 Rb8 {[#]} (56... Rg8 $11) 57. Rh5 $1 Rg8 58. Bf3 ({Much weaker is} 58. Rxh6 Rxg4 59. Kf3 Rg1 $11) ({Better is} 58. Kf3 $16) 58... Re8 (58... Rd8 $11) 59. Rxh6 Kf8+ 60. Kd2 (60. Kf4 $5 {[%cal Rh6h8]} Kg7 61. Rh5 $16) 60... Kg7 61. Rh5 Rd8 62. d5 Rc8 (62... Nc6 $142) 63. Be4 Re8 64. Bf3 Rc8 $1 {[#]} 65. Be4 (65. Rf5 $1 $18) 65... Re8 66. Bb1 (66. Bh1 $16) 66... Rd8 $11 {The position is equal.} 67. Rh7+ Kg8 68. Rh5 Nxd5 {Strongly threatening ...Nf4+.} 69. Ke1 Ne3 70. Rb5 Rd1+ 71. Ke2 {Black must now prevent Bd3.} Rxb1 72. Kxe3 Rxb2 73. Rxb6 a4 74. Rxf6 Rxb3+ 75. Kf4 Kg7 76. Ra6 Rb4+ {Accuracy: White = 77%, Black = 78%.} 1/2-1/2